| 000 | 00517 a2200193 4500 | ||
|---|---|---|---|
| 020 | _a0201709147 | ||
| 040 | _aDLC | ||
| 082 | _a005.72 | ||
| 082 | _a005.72 | ||
| 100 | 1 | _aBox, Don | |
| 245 | 0 | 0 |
_aEssential XML: beyond markup _bbeyond markup / _cDon Box, Aaron Skonnard, John Lam |
| 260 |
_aBoston : _bAddison-Wesley, _ccop. 2000 |
||
| 300 |
_a368 s. : _bill. |
||
| 650 | 7 | _aXML (Document markup language) | |
| 650 | 7 | _aXML | |
| 700 | 1 | _aSkonnard, Aaron | |
| 700 | 1 | _aLam, John F. | |
| 942 |
_cBK _k005.72 BOX _2ddc |
||
| 999 |
_c6386 _d6386 |
||